000 00789nam a2200253Ia 4500
003 OSt
005 20220916110906.0
006 a|||||r|||| 00| 0
007 ta
008 220915b |||||||| |||| 00| 0 hin d
024 _a173937
037 _cTextbook
040 _bhin
_aARTS
_cARTS
041 _ahin
082 _aO152,1N31x, K7
100 _aवर्मा, श्रीकान्त
245 0 _aदिनारम्भ
246 _aDinārambha
260 _aदिल्ली
_bसुषमा पुस्तकालय भारत
_c1967
300 _a63 पृ0
_ccm.
650 _aहिन्दी साहित्य
942 _hO152,1N31x, K7
_cTB
_2CC
999 _c100581
_d100581